Diversa identidad : algunas notas a partir del fenómeno emo (Record no. 169202)
[ view plain ]
| 000 -CABECERA | |
|---|---|
| campo de control de longitud fija | 00791nab a2200229 a 4500 |
| 005 - FECHA Y HORA DE LA ÚLTIMA TRANSACCIÓN | |
| campo de control | 20210219162051.0 |
| 008 - ELEMENTOS DE LONGITUD FIJA--INFORMACIÓN GENERAL | |
| campo de control de longitud fija | 991125s1985 mx 000 0 spa u |
| 035 ## - NÚMERO DE CONTROL DEL SISTEMA | |
| Número de control de sistema | UPN01000197101 |
| 049 ## - COLECCIÓN | |
| Colección | ART |
| 100 1# - ASIENTO PRINCIPAL--NOMBRE PERSONAL | |
| Nombre de persona | Hernández García Rebollo, Enrique |
| 100 1# - ASIENTO PRINCIPAL--NOMBRE PERSONAL | |
| Filiación | kykoatl@yahoo.com.mx |
| 222 ## - TÍTULO CLAVE | |
| Título clave | ARGUMENTOS : |
| Información calificativa | ESTUDIOS CRITICOS DE LA SOCIEDAD |
| 245 ## - MENCIÓN DE TÍTULO | |
| Título | Diversa identidad : algunas notas a partir del fenómeno emo |
| 260 ## - PUBLICACIÓN, DISTRIBUCIÓN, ETC. | |
| Lugar de publicación, distribución, etc. | México |
| 300 ## - DESCRIPCIÓN FÍSICA | |
| Extensión | 115-136 |
| 362 0# - FECHAS DE PUBLICACIÓN Y/O DESIGNACIÓN SECUENCIAL | |
| Fecha de publicación y/o designación secuencial | 2009 Año 22, no. 60, may.-ago. |
| 653 0# - TERMINO DE INDIZACION - NO CONTROLADO | |
| Término no controlado | IDENTIDAD |
| 653 0# - TERMINO DE INDIZACION - NO CONTROLADO | |
| Término no controlado | POSMODERNIDAD |
| 653 0# - TERMINO DE INDIZACION - NO CONTROLADO | |
| Término no controlado | DIVERSIDAD CULTURAL |
| 856 ## - LOCALIZACIÓN Y ACCESO ELECTRÓNICOS | |
| Identificador Uniforme del Recurso | <a href="http://argumentos.xoc.uam.mx/BUSQUEDA.php?indice=AUTOR&terminos=Hern%C3%A1ndez%20Garc%C3%ADa%20Rebollo,%20Enrique&pagina=1&indice_resultados=0">http://argumentos.xoc.uam.mx/BUSQUEDA.php?indice=AUTOR&terminos=Hern%C3%A1ndez%20Garc%C3%ADa%20Rebollo,%20Enrique&pagina=1&indice_resultados=0</a> |
| 905 ## - TIPO DE MATERIAL | |
| Tipo de material | Articulo |
No items available.
